01006nam a22002537a 450000500170000000800410001702000180005805000200007610000340009624000360013024501790016625000110034526000360035630000340039250400510042665000240047765000390050170000300054070000500057070000590062070000430067994200130072299900170073520241016090407.0 | mx d|||gr||| 000 0 spa|d a978607150294004aHB139bG85 20101 aGujarati, Damodar N.,eautor.1 aBasic econometrics.lEspañol.10aEconometría c / Damodar N. Gujarati, Dawn C. Porter ; revisión técnica Aurora Monroy Alarcón, José Héctor Cortés Fregoso ; traductora Pilar Carril Villarreal.  a5a ed. aMéxico :bMcGraw-Hill, c2010 axxii, 921 p. :bil. ;c27 cm. aIncluye apéndices, bibliografía e índice 72lembaEconometría 4aEconomíaxMetodos estadísticos1 aPorter, Dawn C., eautor.1 aMonroy Alarcón, Aurora,erevisor técnico1 aCortés Fregoso, José Héctor,erevisor técnico1 aCarril Villarreal, Pilar, etraductor. 2lcccLIB c38422d38422